[Event "CZE-ch"]
[Site "Ostrava"]
[Date "2017.05.07"]
[Round "9"]
[White "Machycek, Lubomir"]
[Black "Jurek, Josef"]
[Result "1/2-1/2"]
[WhiteElo "2222"]
[BlackElo "2277"]
[PlyCount "52"]
[EventDate "2017.04.29"]
[EventType "swiss"]
[EventRounds "9"]
[EventCountry "CZE"]
[SourceTitle "CBM 178 Extra"]
[Source "ChessBase"]
[SourceDate "2017.06.22"]
[SourceVersion "1"]
[SourceVersionDate "2017.06.22"]
[SourceQuality "1"]

1. c4 Nf6 2. Nc3 c5 3. Nf3 e6 4. g3 b6 5. Bg2 Bb7 6. 0-0 Be7 7. d4 cxd4 8. Qxd4 d6 9. b3 Nbd7 10. Bb2 a6 11. Rfd1 0-0 12. e4 Qc7 13. Rac1 Rfe8 14. h3 Rad8 15. Nh2 Bf8 16. Kh1 Qb8 17. Ng4 Nxg4 18. hxg4 Bc6 19. g5 Rc8 20. Rc2 b5 21. cxb5 axb5 22. Rdc1 b4 23. Nd5 Bxd5 24. exd5 Rxc2 25. Rxc2 e5 26. Qc4 Nc5 1/2-1/2

[Event "CZE-ch"]
[Site "Ostrava"]
[Date "2017.05.03"]
[Round "5"]
[White "Didi, Jan"]
[Black "Machycek, Lubomir"]
[Result "1/2-1/2"]
[WhiteElo "2050"]
[BlackElo "2222"]
[PlyCount "134"]
[EventDate "2017.04.29"]
[EventType "swiss"]
[EventRounds "9"]
[EventCountry "CZE"]
[SourceTitle "CBM 178 Extra"]
[Source "ChessBase"]
[SourceDate "2017.06.22"]
[SourceVersion "1"]
[SourceVersionDate "2017.06.22"]
[SourceQuality "1"]

1. e4 c5 2. Nf3 d6 3. d4 cxd4 4. Nxd4 Nf6 5. Nc3 a6 6. Be2 g6 7. 0-0 Bg7 8. Be3 0-0 9. Qd2 Nc6 10. f4 Bd7 11. a4 Rc8 12. Nxc6 Bxc6 13. Bf3 Nd7 14. Qf2 Qa5 15. Bd4 Qb4 16. Ne2 e5 17. Bc3 Qc5 18. Rad1 Bxa4 19. Rd5 Qc7 20. Rfd1 Bxc2 21. R1d2 Bxe4 22. Bxe4 Nf6 23. Ng3 Nxd5 24. Bxd5 exf4 25. Bxg7 Kxg7 26. Qxf4 Qb6+ 27. Rf2 f6 28. h4 Rc2 29. b3 Rxf2 30. Qxf2 Qxf2+ 31. Kxf2 b6 32. Ke3 f5 33. Kd4 Kf6 34. Nf1 Rc8 35. Nd2 Ke7 36. Bb7 Rc2 37. Kd3 Ra2 38. Bd5 b5 39. Ke3 a5 40. Kd3 a4 41. b4 Rb2 42. Kc3 a3 43. Nb3 Rf2 44. Nc1 Kf6 45. Kb3 Rd2 46. Bf3 Rd4 47. Kxa3 Rxh4 48. Ne2 Rc4 49. Kb3 g5 50. Nc3 g4 51. Be2 Rc8 52. Bxb5 h5 53. Bd7 Rd8 54. Bc6 h4 55. b5 f4 56. b6 Ke5 57. b7 Kd4 58. Kb4 Rb8 59. Nb5+ Ke3 60. Nxd6 f3 61. Nf5+ Kf4 62. gxf3 gxf3 63. Nxh4 f2 64. Ng2+ Ke5 65. Ne3 Kd6 66. Kb5 Kc7 67. Nd5+ Kd6 1/2-1/2

[Event "Bohuslavice op rap 32nd"]
[Site "Bohuslavice"]
[Date "2017.04.22"]
[Round "4"]
[White "Machycek, Lubomir"]
[Black "Plat, Vojtech"]
[Result "1/2-1/2"]
[WhiteElo "2222"]
[BlackElo "2510"]
[PlyCount "105"]
[EventDate "2017.04.22"]
[EventType "swiss (rapid)"]
[EventRounds "9"]
[EventCountry "CZE"]
[SourceTitle "CBM 177 Extra"]
[Source "ChessBase"]
[SourceDate "2017.04.27"]
[SourceVersion "1"]
[SourceVersionDate "2017.04.27"]
[SourceQuality "1"]

1. c4 e5 2. Nc3 Nf6 3. Nf3 Nc6 4. g3 d5 5. cxd5 Nxd5 6. Bg2 Nb6 7. 0-0 Be7 8. d3 Be6 9. a3 a5 10. Be3 0-0 11. Rc1 f6 12. Na4 Nd5 13. Nc5 Bxc5 14. Bxc5 Re8 15. e4 Nde7 16. d4 exd4 17. Nxd4 Nxd4 18. Qxd4 Qxd4 19. Bxd4 Nc6 20. Be3 Bd7 21. Rfd1 Rad8 22. f4 h6 23. Bf3 g5 24. Kf2 Kg7 25. Rd2 Be6 26. Rxd8 Rxd8 27. h4 g4 28. Be2 Bd7 29. Rc5 Re8 30. Bd3 Re6 31. Ke2 Re7 32. Kd2 Be8 33. Be2 h5 34. Bd3 Bg6 35. f5 Be8 36. Bf4 b6 37. Rc3 Ne5 38. Bxe5 fxe5 39. Bc4 Rd7+ 40. Rd3 Kf6 41. Be6 Rd4 42. Ke3 c5 43. Bd5 Bb5 44. Rxd4 cxd4+ 45. Kd2 Ke7 46. Kc2 Bf1 47. Kd2 Bb5 48. Kc2 Bd7 49. Kd3 Kd6 50. Bf7 Bb5+ 51. Kd2 Bc6 52. Kd3 Bb5+ 53. Kd2 1/2-1/2

[Event "Bohuslavice op rap 32nd"]
[Site "Bohuslavice"]
[Date "2017.04.22"]
[Round "6"]
[White "Machycek, Lubomir"]
[Black "Vesselovsky, Serguei"]
[Result "1/2-1/2"]
[WhiteElo "2222"]
[BlackElo "2344"]
[PlyCount "38"]
[EventDate "2017.04.22"]
[EventType "swiss (rapid)"]
[EventRounds "9"]
[EventCountry "CZE"]
[SourceTitle "CBM 177 Extra"]
[Source "ChessBase"]
[SourceDate "2017.04.27"]
[SourceVersion "1"]
[SourceVersionDate "2017.04.27"]
[SourceQuality "1"]

1. c4 g6 2. Nc3 c5 3. g3 Bg7 4. Bg2 Nc6 5. e3 e6 6. Nge2 Nge7 7. d4 cxd4 8. Nxd4 0-0 9. 0-0 d5 10. cxd5 Nxd5 11. Nxd5 Nxd4 12. exd4 exd5 13. Qb3 Be6 14. Be3 Qd7 15. Rfc1 Rfc8 16. a4 h5 17. h4 a6 18. Qb6 Rxc1+ 19. Rxc1 Rc8 1/2-1/2

[Event "CZE-ch"]
[Site "Ostrava"]
[Date "2014.05.04"]
[Round "9"]
[White "Lechtynsky, Jiri"]
[Black "Machycek, Lubomir"]
[Result "1/2-1/2"]
[WhiteElo "2365"]
[BlackElo "2210"]
[PlyCount "105"]
[EventDate "2014.04.26"]
[EventType "swiss"]
[EventRounds "9"]
[EventCountry "CZE"]
[SourceTitle "CBM 160 Extra"]
[Source "ChessBase"]
[SourceDate "2014.07.01"]
[SourceVersion "1"]
[SourceVersionDate "2014.07.01"]
[SourceQuality "1"]

1. d4 d5 2. Nf3 Nf6 3. c4 c6 4. cxd5 cxd5 5. Nc3 Nc6 6. Bf4 Bf5 7. e3 e6 8. Qb3 Qc8 9. Rc1 Be7 10. Bb5 0-0 11. 0-0 Nd7 12. Na4 a6 13. Bxc6 bxc6 14. Nb6 Nxb6 15. Qxb6 c5 16. dxc5 Bd3 17. Rfd1 Be2 18. Rd2 Bxf3 19. gxf3 Bd8 20. Qb4 Qc6 21. e4 Bf6 22. exd5 exd5 23. Qb3 d4 24. Qd3 Rfe8 25. b3 Re6 26. Re2 Rae8 27. Rxe6 fxe6 28. Qe4 Rc8 29. Qxc6 Rxc6 30. b4 e5 31. Bg3 Kf7 32. a4 d3 33. Kf1 a5 34. bxa5 d2 35. Rd1 Rxc5 36. Rxd2 Rxa5 37. Ra2 g5 38. Ke2 Ke6 39. Kd3 Kd5 40. Kc3 Kc5 41. Kb3 Ra7 42. Rc2+ Kd5 43. Rd2+ Kc5 44. Re2 Rb7+ 45. Ka3 Kd5 46. a5 Be7+ 47. Ka2 Bd6 48. h4 gxh4 49. Bxh4 Bc7 50. f4 Ra7 51. fxe5 Rxa5+ 52. Kb3 Bxe5 53. Bg3 1/2-1/2

[Event "CZE-ch"]
[Site "Ostrava"]
[Date "2014.05.03"]
[Round "8"]
[White "Machycek, Lubomir"]
[Black "Freisler, Pavel"]
[Result "1-0"]
[WhiteElo "2210"]
[BlackElo "2357"]
[PlyCount "80"]
[EventDate "2014.04.26"]
[EventType "swiss"]
[EventRounds "9"]
[EventCountry "CZE"]
[SourceTitle "CBM 160 Extra"]
[Source "ChessBase"]
[SourceDate "2014.07.01"]
[SourceVersion "1"]
[SourceVersionDate "2014.07.01"]
[SourceQuality "1"]

1. c4 e5 2. Nc3 d6 3. Nf3 Bg4 4. d4 Nd7 5. e4 Bxf3 6. gxf3 Be7 7. Be3 Bf6 8. d5 Ne7 9. Qd2 Ng6 10. Rg1 h6 11. Bh3 Bg5 12. 0-0-0 a6 13. Bf5 Nf4 14. Ne2 Nxe2+ 15. Qxe2 Nc5 16. Kb1 g6 17. Bh3 Qf6 18. b4 Nd7 19. c5 Ke7 20. Rc1 Rhb8 21. Rgd1 Bxe3 22. fxe3 Nf8 23. cxd6+ Qxd6 24. Qc4 Kd8 25. f4 b5 26. Qc5 Nd7 27. Bxd7 Kxd7 28. fxe5 Qxc5 29. Rxc5 Re8 30. Rf1 Re7 31. Rxf7 Rxf7 32. e6+ Ke8 33. exf7+ Kxf7 34. Rxc7+ Kf6 35. Kc2 Re8 36. Kd3 Re5 37. Kd4 Rh5 38. e5+ Rxe5 39. Rf7+ Kxf7 40. Kxe5 Ke8 1-0

[Event "CZE-ch"]
[Site "Ostrava"]
[Date "2014.05.02"]
[Round "7"]
[White "Petrova, Kristyna"]
[Black "Machycek, Lubomir"]
[Result "1/2-1/2"]
[WhiteElo "2251"]
[BlackElo "2210"]
[PlyCount "123"]
[EventDate "2014.04.26"]
[EventType "swiss"]
[EventRounds "9"]
[EventCountry "CZE"]
[SourceTitle "CBM 160 Extra"]
[Source "ChessBase"]
[SourceDate "2014.07.01"]
[SourceVersion "1"]
[SourceVersionDate "2014.07.01"]
[SourceQuality "1"]

1. e4 c6 2. d4 d5 3. Nc3 dxe4 4. Nxe4 Bf5 5. Ng3 Bg6 6. N1e2 e6 7. Nf4 Bd6 8. Ngh5 Bxh5 9. Nxh5 g6 10. Ng3 Nf6 11. Bh6 Qa5+ 12. c3 Nbd7 13. Qf3 Qd5 14. Be2 Qxf3 15. Bxf3 Bf8 16. Bd2 Bg7 17. 0-0-0 0-0 18. h4 e5 19. Be3 Rfe8 20. Rde1 Nd5 21. Bxd5 cxd5 22. Ne2 e4 23. h5 b5 24. g4 Rac8 25. Kd2 Rc6 26. Rh3 Rec8 27. hxg6 hxg6 28. Bh6 Bf6 29. f3 exf3 30. Rxf3 Bh4 31. Ref1 Rf6 32. Be3 Rxf3 33. Rxf3 Nf6 34. Nf4 Rd8 35. Ng2 Ne4+ 36. Kd3 Bg5 37. Bxg5 Nxg5 38. Rf6 Ne6 39. Ne3 Kg7 40. Rf1 Nc7 41. a4 Rb8 42. axb5 Rxb5 43. Kc2 a6 44. b3 Ra5 45. Kb2 Rb5 46. Ka3 Rb8 47. Ng2 Nb5+ 48. Kb2 Rc8 49. Rf3 Rh8 50. Nf4 Rh2+ 51. Kc1 Nc7 52. c4 Rh4 53. Rg3 Kf6 54. Kd2 Ke7 55. Kc3 Kd6 56. Ng2 Rh2 57. Ne3 Rf2 58. g5 Rf4 59. Ng2 Rf5 60. Ne3 Rf4 61. Ng2 Rf5 62. Ne3 1/2-1/2

[Event "CZE-ch"]
[Site "Ostrava"]
[Date "2014.04.29"]
[Round "4"]
[White "Machycek, Lubomir"]
[Black "Dobes, Vojtech"]
[Result "1-0"]
[WhiteElo "2210"]
[BlackElo "2103"]
[PlyCount "109"]
[EventDate "2014.04.26"]
[EventType "swiss"]
[EventRounds "9"]
[EventCountry "CZE"]
[SourceTitle "CBM 160 Extra"]
[Source "ChessBase"]
[SourceDate "2014.07.01"]
[SourceVersion "1"]
[SourceVersionDate "2014.07.01"]
[SourceQuality "1"]

1. e3 e5 2. c4 Nf6 3. Nc3 d5 4. cxd5 Nxd5 5. Nf3 Nxc3 6. bxc3 Bd6 7. d4 Nd7 8. Bd3 0-0 9. Qc2 h6 10. 0-0 Re8 11. Bb2 Qe7 12. e4 Ba3 13. Bxa3 Qxa3 14. Nd2 exd4 15. cxd4 Nf8 16. Nb3 c6 17. Bc4 Be6 18. f3 Red8 19. Rfd1 Rac8 20. Rac1 Bxc4 21. Qxc4 Ne6 22. Rc2 Rc7 23. Rcd2 Qd6 24. a4 Qf4 25. Rd3 h5 26. Qc1 Rcd7 27. Qxf4 Nxf4 28. R3d2 b6 29. Kf2 Kf8 30. Ke3 Ne6 31. Rc2 Rc7 32. Rdc1 Rdc8 33. h4 Ke7 34. f4 g6 35. g3 a5 36. Rc4 Kd7 37. R4c3 Kd6 38. Kd3 Ke7 39. Ke3 Kd6 40. Nd2 b5 41. Nb3 Ra8 42. Ra1 Rca7 43. Rc2 f5 44. e5+ Kd5 45. Nc5 Nd8 46. Rb1 Rb8 47. Rcb2 b4 48. Rc1 Rb6 49. Nb3 Ne6 50. Rbc2 Raa6 51. Kd3 Ra7 52. Nd2 b3 53. Nc4 Nc5+ 54. dxc5 bxc2 55. cxb6 1-0